| 000 | 00704nam a2200265Ia 4500 | ||
|---|---|---|---|
| 003 | OSt | ||
| 005 | 20220918182346.0 | ||
| 006 | a|||||r|||| 00| 0 | ||
| 007 | ta | ||
| 008 | 220917b |||||||| |||| 00| 0 eng d | ||
| 024 | _a32,092 | ||
| 037 | _cTextual | ||
| 040 |
_aARTS _cARTS _beng |
||
| 041 |
_2eng _aeng |
||
| 082 | _aO111,1L88:g, E3 (=) | ||
| 100 |
_aDick William _960101 |
||
| 245 | 0 | _aByron and his poetry | |
| 260 |
_aLondon _bGeorge G Harrap _c1913 |
||
| 300 |
_a189p. _ccm. |
||
| 490 | _aPoetry and life series; 1 | ||
| 500 | _aBib 189p. | ||
| 650 | _aENGLISH LITERATURE | ||
| 942 |
_hO111,1L88:g, E3 (=) _cTEXL _2CC |
||
| 999 |
_c168685 _d168685 |
||